000 00712nam a2200205Ia 4500
003 GCL
008 140319s9999 xx 000 0 ara d
040 _aGCL /
_cGCL
082 0 4 _a953.076
_bح ا
100 1 _aحسن احمد محمود
245 1 0 _aالاسلام والحضارة العربية فى اسيا الوسطى بين الفتحين العربى والتركى 21_447 هـ /
_cحسن احمد محمود
260 _a[S.N] :
_bدار الفكر العربى
300 _a282 ص
490 _a
650 0 4 _aتاريخ
650 0 4 _aالحضارة العربية الاسلامية - المعارف البحرية
650 0 4 _aالاسلام
650 0 4 _aايران
942 _2ddc
_cBK
999 _c31635
_d31635